00000000nam 2200000zi 4500
0019.944915
003CaOODSP
00520241119071547
006m     o  d f      
007cr bn|||||||||
008241106t20242024onc     oz   f000 0 fre d
020 |a9780660743806
040 |aCaOODSP|bfre|erda|cCaOODSP
0410 |aeng|afre
043 |an-cn---
0861 |aFR4-2023/14-PDF
1300 |aConvention de Rotterdam sur la procédure de consentement préalable en connaissance de cause applicable à certains produits chimiques et pesticides dangereux qui font l'objet d'un commerce international |d(1998). |kProtocoles, etc., |d2023 mai 12.
24500|aEnvironment - Amendment to Annex III of the Rotterdam Convention on the Prior Informed Consent Procedure for Certain Hazardous Chemicals and Pesticides in International Trade = |bEnvironnement - Amendement à l'Annexe III de la Convention de Rotterdam sur la procédure de consentement préalable en connaissance de cause applicable à certains produits chimiques et pesticides dangereux qui font l'objet d'un commerce international.
24631|aEnvironnement - Amendement à l'Annexe III de la Convention de Rotterdam sur la procédure de consentement préalable en connaissance de cause applicable à certains produits chimiques et pesticides dangereux qui font l'objet d'un commerce international
264 1|a[Ottawa] : |bTreaty Law Division of the Department of Foreign Affairs, Trade and Development = Direction du droit des traités du Ministère des affaires étrangères, du commerce et du développement, |c[2024]
264 4|a©2024
300 |a1 ressource en ligne (2 pages).
336 |atexte|btxt|2rdacontent/fre
337 |ainformatique|bc|2rdamedia/fre
338 |aressource en ligne|bcr|2rdacarrier/fre
4901 |aTreaty series = |aRecueil des traités ; |v2023/14
500 |a« Adopté à Genève du 1er au 12 mai 2023. En vigueur le 22 octobre 2023. En vigueur pour le Canada le 22 octobre 2023. »
546 |aTexte en anglais et en français.
650 6|aSubstances dangereuses|xDroit|zCanada|vLégislation.
650 6|aSubstances dangereuses|xDroit|vLégislation.
650 6|aPesticides|xDroit|zCanada|vLégislation.
650 6|aPesticides|xDroit|vLégislation.
650 6|aCommerce international|xRéglementation|zCanada.
650 6|aCommerce international|xRéglementation.
651 6|aCanada|xRelations extérieures|vTraités.
655 7|aTraités|2rvmgf
7101 |aCanada. |bAffaires mondiales Canada. |bDirection du droit des traités, |eorganisme de publication.
7101 |aCanada, |eparticipant à un traité.
788 |tEnvironment - Amendment to Annex III of the Rotterdam Convention on the Prior Informed Consent Procedure for Certain Hazardous Chemicals and Pesticides in International Trade = |eeng|w(CaOODSP)9.944914
830#0|aCanada treaty series ;|v2023/14.|w(CaOODSP)9.811738
85640|qPDF|s233 Ko|uhttps://publications.gc.ca/collections/collection_2024/amc-gac/FR4-2023-14.pdf